Statistics for NFL Hall of Fame Quarterbacks

Click here to take the quiz!

General Stats

  • This quiz has been taken 838 times
  • The average score is 19 of 26

Answer Stats

Primary Team(s)AnswerYears Active% Correct
Green Bay PackersBrett Favre1991-2010
96%
Miami DolphinsDan Marino1983-1999
96%
San Francisco 49ersJoe Montana1979-1994
95%
Denver BroncosJohn Elway1983-1998
94%
Dallas CowboysTroy Aikman1989-2000
93%
San Francisco 49ersSteve Young1985-1999
92%
Pittsburgh SteelersTerry Bradshaw1970-1983
92%
Houston OilersWarren Moon1984-2000
89%
Green Bay PackersBart Starr1956-1971
86%
Buffalo BillsJim Kelly1986-1996
86%
New York JetsJoe Namath1965-1977
86%
St. Louis Rams/Arizona CardinalsKurt Warner1998-2009
85%
Baltimore ColtsJohnny Unitas1956-1973
82%
Dallas CowboysRoger Staubach1969-1979
82%
Minnesota Vikings/New York GiantsFran Tarkenton1961-1978
72%
Kansas City ChiefsLen Dawson1957-1975
69%
San Diego ChargersDan Fouts1973-1987
67%
Cleveland BrownsOtto Graham1946-1955
66%
Miami DolphinsBob Griese1967-1980
65%
Oakland RaidersKen Stabler1970-1984
59%
San Francisco 49ers/New York GiantsY.A. Tittle1948-1964
46%
Houston Oilers/Oakland RaidersGeorge Blanda1949-1975
41%
Los Angeles RamsNorm Van Brocklin1949-1960
41%
Detroit Lions/Pittsburgh SteelersBobby Layne1948-1962
32%
Philadelphia Eagles/Washington RedskinsSonny Jurgensen1957-1974
30%
Los Angeles RamsBob Waterfield1945-1952
13%

Score Distribution

Percentile by Number Answered

Percent of People with Each Score

Your Score History

You have not taken this quiz